| 000 | 01057nam a2200265 a 4500 | ||
|---|---|---|---|
| 001 | 81231 | ||
| 003 | BD-RjUL | ||
| 005 | 20231114110222.0 | ||
| 008 | 230214s2012 bg a|||| m||| 00| 0 eng d | ||
| 035 | _a(BD-RjUL)81231 | ||
| 040 |
_aBD-RjUL _beng _cBD-RjUL _dBD-RjUL |
||
| 041 | _aeng | ||
| 082 |
_223 _a571.92 _bMOB 2012 |
||
| 100 |
_aMoni, Zakiah Rahman _96993 |
||
| 245 | 1 | 0 |
_aBiological Characterization and Management of Rhizoctonia solani Causal Organism of Rice Sheath Blight Disease / _cBy Zakiah Rahman Moni ; _6Supervisors : Md. Ansar Ali & Mohammad Shahidul Alam |
| 260 |
_aRajshahi : _bDepartment Of Botany, University of Rajshahi, _c2012 |
||
| 300 |
_a[3], xiii, [1], 114 leaves : _bill.; _c29 cm. |
||
| 502 | _aThesis (Ph. D.) -- Department of Botany, University of Rajshahi,2012 | ||
| 504 | _aReferences : Leaves 87-106 | ||
| 650 |
_aRice _xDiseases and pests _96994 |
||
| 650 |
_aRice _xSheath Blight _96995 |
||
| 700 |
_aAli, Md. Ansar, Supervisors _96996 |
||
| 700 |
_aAlam, Mohammad Shahidul, Supervisors _96997 |
||
| 942 |
_2ddc _cTHE |
||
| 999 |
_c81231 _d81231 |
||